| 000 | 00960cam a2200265 i 4500 | ||
|---|---|---|---|
| 999 |
_c96 _d96 |
||
| 001 | 4662973 | ||
| 003 | OSt | ||
| 005 | 20180807155005.0 | ||
| 008 | 800620s1980 nyu 000 0 eng | ||
| 010 | _a 80018792 | ||
| 020 | _a002095980X (pbk.) | ||
| 040 |
_aDLC _cDLC _dDLC |
||
| 050 | 0 | 0 |
_aBR50 _b.L396 1980 |
| 082 | 0 | 0 |
_a252.03 _bL673W |
| 100 | 1 |
_aLewis, C. S. _q(Clive Staples), _d1898-1963. |
|
| 245 | 1 | 4 |
_aThe weight of glory, and other addresses / _cC. S. Lewis. |
| 250 |
_aRev. and expanded ed. / _bedited, and with an introd., by Walter Hooper. |
||
| 260 |
_aNew York : _bMacmillan, _c1980. |
||
| 300 |
_axxvi, 132 p. ; _c18 cm. |
||
| 505 | 0 | _aThe weight of glory.--Learning in war-time.--Why I am not a pacifist.--Transposition.--Is theology poetry?--The inner ring.--Membership.--On forgiveness.--A slip of the tongue. | |
| 650 | 0 | _aTheology. | |
| 700 | 1 | _aHooper, Walter. | |
| 906 |
_a7 _bcbc _corignew _du _eocip _f19 _gy-gencatlg |
||
| 942 |
_2ddc _cBK |
||